000
00346nam a2200133Ia 4500
008
100328s9999 xx 000 0 und d
082
_b
5667
100
_a
नारायण जयप्रकाश
245
_a
जीवनदान
260
_b
---
630
_a
जीवनदान
730
_a
जीवनदान
942
_c
BOOK
999
_c
501651
_d
501648